লোডিং...

Gesammelte Werke 8: Esaays und Reden

গ্রন্থ-পঞ্জীর বিবরন
প্রধান লেখক: Musil, Robert
বিন্যাস: Printed Book
প্রকাশিত: Hamburg Rowoholt 1978
LEADER 00443nam a22001337a 4500
999 |c 212888  |d 212888 
082 |a 838.9  |b MUS.8 
100 |a Musil, Robert 
245 |a Gesammelte Werke 8:  |b Esaays und Reden 
246 |a  Collected Works 8: Esaays and speeches 
260 |a Hamburg  |b Rowoholt  |c 1978 
300 |a 1436 
942 |c BK 
952 |0 0  |1 0  |4 0  |6 838_900000000000000_MUS_8  |7 0  |9 226511  |a GER  |b GER  |d 2019-11-18  |l 0  |o 838.9 MUS.8  |p GER8037  |r 2019-11-18  |w 2019-11-18  |y BK